00757nas a2200217Ia 4500001001100000003000900011008004100020040001300061040001300074041001300087100004400100210003700144222003700181245010900218250001100327260002600338501008600364300001900450362002700469650004300496R111/44664IT-RoPAU151124c99999999xx |||||||||||| ||und|| aIT-RoPAU cIT-RoPAU aITALIANO aMaestro OscargCodice Aut. SPICS: 30329 aCOMUNICAZIONE DI MASSA (SUGARCO) aComunicazione Di Massa (Sugarco) aCOMUNICAZIONE DI MASSA (SUGARCO), ANNO 02-VOL.2 (1981)bEconomicita' Come Garanzia di Reale Indipendenza a1a ed. aMILANObSUGARCOc1981 bPaulus - SPICS - Società San Paolo EM (non-commercial uses only)cCopyright2015 a3 p. [161-163] aANNO 002, VOL.2 (1981) aCOMUNICAZIONEvPUBBLICAZIONE PERIODICA